Slovaks look to space research

Enregistré dans:
Détails bibliographiques
Auteur principal: Adamovský, Peter, 1990-
Format: Chapitre de livre
Langue:anglais
Sujets:
Tags: Ajouter un tag
Pas de tags, Soyez le premier à ajouter un tag!

MARC

LEADER 00000nla a2200000 4500
001 0214432
005 20240502073602.6
041 0 |a eng 
044 |a SK 
245 1 0 |a Slovaks look to space research  |c Peter Adamovský 
610 2 0 |a výskum kozmický 
610 2 0 |a Slovensko 
610 2 0 |a Česko 
610 2 0 |a spolupráca vedecká 
100 1 |a Adamovský, Peter, 1990-